|
|
|
|
| LEADER |
00000nas a2200000 a 4500 |
| 001 |
ssj0012517 |
| 003 |
WaSeSS |
| 005 |
20200512172242.0 |
| 006 |
m d |
| 007 |
cr n |
| 008 |
930430c19939999sa mr p s 0 0afr c |
| 010 |
|
|
|a 94643616
|
| 016 |
7 |
|
|a 012395157
|2 Uk
|
| 022 |
|
|
|l 1021-2000
|y 1021-2000
|
| 030 |
|
|
|a CIVNEO
|
| 035 |
|
|
|a (WaSeSS)ssj0012517
|
| 037 |
|
|
|b SAICE, P.O. Box 93495, Yeoville, 2143
|
| 040 |
|
|
|a AFM
|b eng
|c AFM
|d CAS
|d DLC
|d OCLCQ
|d UKMGB
|d OCLCQ
|d OCLCF
|d OCLCO
|d U3G
|d OCLCQ
|d LIP
|d XFH
|d OCLCA
|d CUS
|d WaSeSS
|
| 041 |
0 |
|
|a afr
|a eng
|
| 042 |
|
|
|a pcc
|
| 043 |
|
|
|a f-sa---
|
| 050 |
0 |
0 |
|a TA1
|b .C44
|
| 082 |
0 |
0 |
|a 624/.05
|2 20
|
| 130 |
0 |
|
|a Civil engineering (Johannesburg, South Africa)
|
| 245 |
1 |
0 |
|a Civil engineering
|h [electronic resource] :
|b magazine of the South African Institution of Civil Engineers = Siviele ingenieurswese.
|
| 246 |
3 |
1 |
|a Siviele ingenieurswese
|
| 260 |
|
|
|a Johannesburg, South Africa :
|b South African Institution of Civil Engineers,
|c 1993-
|
| 310 |
|
|
|a Monthly
|
| 362 |
0 |
|
|a Vol. 1, no. 1 (Jan./Feb. 1993)-
|
| 500 |
|
|
|a Title from cover.
|
| 506 |
|
|
|a License restrictions may limit access.
|
| 546 |
|
|
|a Afrikaans and English.
|
| 588 |
|
|
|a Latest issue consulted: Vol. 1, no. 10 (Nov. 1993).
|
| 650 |
|
0 |
|a Civil engineering
|v Periodicals.
|
| 650 |
|
0 |
|a Civil engineering
|z South Africa
|v Periodicals.
|
| 650 |
|
7 |
|a Civil engineering.
|2 fast
|0 (OCoLC)fst00862488
|
| 651 |
|
7 |
|a South Africa.
|2 fast
|0 (OCoLC)fst01204616
|
| 655 |
|
0 |
|a Electronic journals.
|
| 710 |
2 |
|
|a South African Institution of Civil Engineers.
|
| 780 |
0 |
1 |
|t Civil engineer in South Africa
|x 0009-7845
|w (DLC) 65087416
|w (OCoLC)2259430
|
| 850 |
|
|
|a DLC
|
| 856 |
4 |
0 |
|z Full text available from Research Library: 10/01/1998 to present
|u https://search.proquest.com/publication/34318
|